000 01213nam a22003497a 4500
003 CHAP
005 20220329134959.0
008 971013s1984 r 00010 d
010 _a29027
011 _a29999
035 _a34110
040 _cCHAP
090 _aFolleto 7322Y (1984)
100 0 0 _aLeón, Carlos de.
_966216
245 _aEnfermedades del maíz
_b: una guía para su identificación en el campo
250 _a3 ed.
260 _aMéxico, D.F. :
_bCentro Internacional de Mejoramiento de Maíz y Trigo,
_c1984
300 _a90 p.
_b: ilus.
500 _ac.4 en bodega
590 _aBATCH-UPD
_b10
_c20130110
_lUCH01
_h0300
590 _aBATCH-UPD
_b10
_c20130110
_lUCH01
_h2129
590 _aBATCH-UPD
_b10
_c20130409
_lUCH01
_h2331
590 _aBATCH-UPD
_b10
_c20130410
_lUCH01
_h1439
590 _aBATCH-UPD
_b10
_c20130914
_lUCH01
_h1722
590 _aCONVERSION
_b10
_c20130109
_lUCH01
_h1317
650 1 4 _aMaíz
_xEnfermedades.
_970939
901 _aBK
942 _cFOLL
949 _aFolleto 7322Y (1984)
_bBC
_cFOLL
_d-79090
_eTS1
_i34110
_mD
_si
949 _aFolleto 7322Y (1984)
_bBC
_cFOLL
_d-79091
_eTS2
_fc.2
_i34110
_mD
_si
949 _aFolleto 7322Y (1984)
_bBC
_cFOLL
_d-79092
_eTS2
_fc.3
_i34110
_si
999 _c29027
_d29027